000 00676nam a2200241Ia 4500
005 20260430150551.0
008 008 250103s9999 xx 000 0 eng d
037 _aTheses
040 _aCRL
040 _beng
040 _ceng
041 _2eng
041 _aeng
084 _qCRL
100 _aDeepak Kumar Au.; Singla Pamela Gu.
_91237874
245 0 _aReservation Policy Implementation under the Right to Education Act: Study of Jaipur District in Rajasthan
260 _c2024
300 _a261p.
650 _aSocial Work
700 _aUniversity of Delhi. Faculty of Social Sciences. Deptt. of Social Work
942 _cTH
999 _c1850095
_d1850095